000 03372cam a22006974i 4500
003 PE-LiUPU
005 20250731180149.0
008 150706s2012 pe a rb 000 0 spa d
020 _a9786123040468
035 _a(Sirsi) i9786123040468
040 _aPE-LiUPU
_bspa
_cPE-LiUPU
_erda
049 _aPRUA
082 0 4 _a519.5
_bQ39
_221
100 1 _aQuezada Lucio, Nel,
_eautor.
245 1 0 _aEstadística con SPSS 20 /
_cNel Quezada Lucio.
264 1 _aLima :
_bMacro,
_c2012.
300 _a349 páginas :
_bilustraciones ;
_c25 centímetros
300 _a4 CD
336 _atext
_2rdacontent
337 _aunmediated
_2rdamedia
338 _avolume
_2rdacarrier
490 0 _aGestión y metodología
504 _aIncluye Bibliografía.
505 0 _aIntroducción al SPSS 20 -- Investigación y manejo de datos -- Manipulación de casos y variables -- Informes, estadísticas descriptivas, tablas -- Comparar medias. Modelo lineal general y correlación -- Regresión, loglineal, clasificar, reducción de datos y escalas -- Pruebas no paramétricas -- Series temporales, supervivencia y respuestas múltiples -- Gráficos -- Personalización SPSS.
526 _aSEG44
526 _aSEG26
526 _aP159
526 _aP155
526 _aP154
526 _aP153
526 _aP150
526 _aP100
526 _aP31
526 _aP30
526 _aP26
526 _aP25
526 _aP24
526 _aP22
526 _aP15
526 _aP10
541 _g015-0015322;
541 _g001-000063;
541 _g001-000063;
541 _g001-000063;
650 0 4 _aUso del tiempo
_xTécnicas.
650 0 4 _aAnálisis multivariante
_xProcesamiento de datos.
650 0 4 _aSPSS 20 (Programa para computadora).
650 0 4 _aEstadística
_xProgramas para computadora
_91315
910 _cbd
_d20130522
942 _2ddc
_cBOOK
949 _a519.5 Q39
_wDEWEY
_c1
_i67228
_lCCODEBUL1
_mBUL
_p23.00
_r0
_sY
_tBOOK
_u2015-7-6
_xINGENIERIA
_zUNKNOWN
_o.STAFF. Colección General
949 _a519.5 Q39
_wDEWEY
_c2
_i68607
_lCCODEBUL1
_mBUL
_p16.00
_r0
_sY
_tBOOK
_u2015-7-6
_xFCE
_PP47
_o.STAFF. Colección General
949 _a519.5 Q39
_wDEWEY
_c3
_i68608
_lCCODEBUL1
_mBUL
_p16.00
_r0
_sY
_tBOOK
_u2015-7-6
_xFCE
_PP47
_o.STAFF. Colección General
949 _a519.5 Q39
_wDEWEY
_c4
_i68609
_lCCODEBUL1
_mBUL
_p16.00
_r0
_sY
_tBOOK
_u2015-7-6
_xFCE
_PP47
_o.STAFF. Colección General
994 _aC0
_bPEPRU
596 _a1
999 _a519.5 Q39
_wDEWEY
_c54818
_i67228
_d54818
_e2016-11-9
_lLOST
_mBUL
_n13
_p23.00
_r1
_sY
_tBOOK
_u2015-7-6
_xINGENIERIA
_zUNKNOWN
_0COMPRA
_o.STAFF. Colección General
999 _a519.5 Q39
_wDEWEY
_c2
_i68607
_d2020-1-30
_e2020-1-28
_f2021-11-9
_g6
_lCCODEBUL1
_mBUL
_n14
_p16.00
_q2
_r0
_sY
_tBOOK
_u2015-7-6
_xINGENIERIA
_PP47
_0COMPRA
_o.STAFF. Colección General
999 _a519.5 Q39
_wDEWEY
_c3
_i68608
_lLOST
_mBUL
_p16.00
_r1
_sY
_tBOOK
_u2015-7-6
_xFCE
_PP47
_o.STAFF. Colección General
999 _a519.5 Q39
_wDEWEY
_c4
_i68609
_d2017-10-17
_e2017-10-16
_f2021-11-5
_g6
_lCCODEBUL1
_mBUL
_n8
_p16.00
_r0
_sN
_tBOOK
_u2015-7-6
_xBIBLIOTECA
_PP47
_0COMPRA
_o.STAFF. Colección General
980 _81
_gALBERTO SANCHEZ Responsable de Automatización